Open Data Biblioteca Nacional de Portugal


República Portuguesa: Ministério da Cultura
Biblioteca Nacional de Portugal

Catálogo da BNP: acesso por Identificadores Unívocos
Registos Bibliográficos associados ao registo de autoridade

Etiqueta de registo: 00254nam 2200025 450
001 2284084
003 http://id.bnportugal.gov.pt/bib/catbnp/2284084
010 ## $a978-989-35966-2-3
021 ## $aPT$b549332/25
100 ## $a20260410d2025 m d0pory01030103ba
101 0# $apor$aeng
102 ## $aPT
105 ## $aa b 000yy
106 ## $ar
200 1# $aPessoas que vi mas nunca conheci$dPeople saw but never met$fZadok Ben-David$gfot. Luís Lagadouro, Marco Mourão$gtrad. Paulo Martins$zeng
210 #9 $aVila Nova de Cerveira$cFundação Bienal de Arte de Cerveira,$d2025
215 ## $a38, [2] p.$cil.$d21 cm
305 ## $aEd. bilingue em português e inglês
510 1# $aPeople saw but never met$zeng
700 #1 $aBen-David,$bZadok,$f1949-$31904255
702 #1 $aLagadouro,$bLuís$4600$31995348
702 #1 $aMourão,$bMarco$4600$31925345
702 #1 $910$aMartins,$bPaulo$4730$31354417
801 #0 $aPT$bBN$gRPC
966 ## $lBN$mFGMON$x1
966 ## $lBN$mFGMON$x1
971 ## $cabrito$d20260410

OpendataBNP@bnportugal.pt | Mais informação sobre acesso aos dados BNP